000
00292nam a2200121Ia 4500
008
190902s9999||||xx |||||||||||||| ||und||
020
_a
273601105
100
_a
Hyland,Bruce
245
0
_a
More Reflections for Manager
260
_a
New york
_b
McGrW-Hill,INC
_c
1996
300
_a
145
942
_c
BK
999
_c
2692
_d
2692